000 00329nam a2200133Ia 4500
008 230217s9999 xx 000 0 und d
020 _a9789386478597
082 _bsid-a
100 _asiddiqui
245 2 _aa text book of hospital & clinical pharmacy 2nd edition
260 _bc.b.s. publisher
300 _a318
942 _cBK
999 _c41637
_d41637